Contabilidad (Record no. 86208)

MARC details
000 -LEADER
campo de control de longitud fija 01099nam a2200241 i 4500
001 - NÚMERO DE CONTROL
campo de control 86208
003 - IDENTIFICADOR DE NÚMERO DE CONTROL
campo de control ES-MaACL
005 - FECHA Y HORA DE LA ÚLTIMA TRANSACCIÓN
campo de control 20230906175410.0
007 - CAMPO FIJO DE DESCRIPCIÓN FÍSICA--INFORMACIÓN GENERAL
campo de control de longitud fija t|
008 - DATOS DE LONGITUD FIJA--INFORMACIÓN GENERAL
campo de control de longitud fija 041209m19381940sp ||||1| spa d
100 1# - ENTRADA PRINCIPAL--NOMBRE DE PERSONA
Nombre de persona Kester, Roy B.
9 (RLIN) 67956
245 10 - MENCIÓN DEL TÍTULO
Título Contabilidad
Resto del título : teoría y práctica /
Mención de responsabilidad, etc. Roy B. Kester ; traducido y adptadop de la 3ª ed. norteamericana.
260 ## - PUBLICACIÓN, DISTRIBUCIÓN, ETC.
Lugar de publicación, distribución, etc. Barcelona :
Nombre del editor, distribuidor, etc. [s.n.,
Fecha de publicación, distribución, etc. 1938-1940] (
Fabricante Tall. Graf. Ibero-Americanos)
300 ## - DESCRIPCIÓN FÍSICA
Extensión 4 v. ;
Dimensiones 23 cm.
505 8# - NOTA DE CONTENIDO CON FORMATO
Nota de contenido con formato Contiene: V.I.: Principios de contabilidad / traducido por Angel Andany Sanz. -- V.II: Contabilidad superior / traducido por Orlando López-Hidalgo. -- V.III: Contabilidad aplicada / traducido por José Mª Andany Sanz. -- V.IV: Soluciones de los ejercicios prácticos / traducidos por Angel Andany Sanz
700 1# - ENTRADA AGREGADA--NOMBRE PERSONAL
Nombre de persona Andany Sanz, Angel.
9 (RLIN) 21423
700 1# - ENTRADA AGREGADA--NOMBRE PERSONAL
Nombre de persona Andany Sanz, José María.
9 (RLIN) 21424
700 1# - ENTRADA AGREGADA--NOMBRE PERSONAL
Nombre de persona López-Hidalgo, Orlando.
9 (RLIN) 73699
740 0# - ENTRADA AGREGADA--TÍTULO RELACIONADO/ANALÍTICO NO CONTROLADO
Título relacionado o analítico no controlado Principios de contabilidad.
740 0# - ENTRADA AGREGADA--TÍTULO RELACIONADO/ANALÍTICO NO CONTROLADO
Título relacionado o analítico no controlado Conatabilidad superior.
740 0# - ENTRADA AGREGADA--TÍTULO RELACIONADO/ANALÍTICO NO CONTROLADO
Título relacionado o analítico no controlado Contabilidad aplicada.
852 ## - LOCALIZACIÓN
Ubicación ES-MaACL
Número de control de estantería F-15142-45
Sublocalización o colección R.18831
Holdings
Estatus retirado Estado de pérdida Estado de daño No para préstamo Biblioteca de origen Biblioteca actual Ubicación en estantería Fecha de adquisición Fuente de adquisición Total de préstamos Signatura topográfica completa Código de barras Visto por última vez Precio de reemplazo Tipo de ítem Koha
        Biblioteca del Ateneo de Madrid Biblioteca del Ateneo de Madrid Sala Pecera Planta 2 17/01/2008     F-15142-45 1090077 23/02/2023 23/02/2023 Libro impreso